Pesticide use on vegetable crop in kampong siem district kampong cham province, ការប្រើប្រាស់ថ្នាំកសិកម្មលើដំនាំបន្ថែនៅស្រុកកំពង់សៀម ខេត្តកំពង់ចាម (Record no. 2838)

000 -LEADER
fixed length control field 00644nam a22001577a 4500
003 - CONTROL NUMBER IDENTIFIER
control field OSt
005 - DATE AND TIME OF LATEST TRANSACTION
control field 20151028154052.0
008 - FIXED-LENGTH DATA ELEMENTS--GENERAL INFORMATION
fixed length control field 151028b xxu||||| |||| 00| 0 eng d
040 ## - CATALOGING SOURCE
Transcribing agency RUA
082 ## - DEWEY DECIMAL CLASSIFICATION NUMBER
Classification number ATM.Sp KON 2003 B064 Or.1
100 ## - MAIN ENTRY--PERSONAL NAME
9 (RLIN) 3045
Personal name KONG, SOKCHHOIN.
245 ## - TITLE STATEMENT
Title Pesticide use on vegetable crop in kampong siem district kampong cham province, ការប្រើប្រាស់ថ្នាំកសិកម្មលើដំនាំបន្ថែនៅស្រុកកំពង់សៀម ខេត្តកំពង់ចាម
260 ## - PUBLICATION, DISTRIBUTION, ETC. (IMPRINT)
Place of publication, distribution, etc. Phnom Penh
Name of publisher, distributor, etc. RUA
Date of publication, distribution, etc. 2003
300 ## - PHYSICAL DESCRIPTION
Extent 59p.
Other physical details ill.
Dimensions 29cm.
942 ## - ADDED ENTRY ELEMENTS (KOHA)
Source of classification or shelving scheme
Koha item type ATM.s
Holdings
Price effective from Date last seen Permanent Location Not for loan Date acquired Source of classification or shelving scheme Koha item type Barcode Lost status Damaged status Shelving location Withdrawn status Current Location Full call number
2015-10-282015-10-28Library Block B 2015-10-28 ATM.sRUA001810  B046 Library Block BATM.Sp KON 2003 B064 Or.1
2015-10-282015-10-28Library Block B 2015-10-28 ATM.sRUA001948  B046 Library Block BATM.Sp KON 2003 B064 Or.2
2015-10-282015-10-28Library Block B 2015-10-28 ATM.sRUA001653  B046 Library Block BATM.Sp KON 2003 B064 Or.3
មជ្ឈមណ្ឌលឯការនៃសាកលវិទ្យាល័យភូមិន្ទកសិកម្មចំការដូង

Powered by Koha